LEADER 01031nam a2200229 i 4500 001 000000044903 003 CaOOAMICUS 005 20091103000000.0 008 091103s1932 sp u000 u mul u 013 $a16073 040 $aSeMil$bita 100 1 $aVitoria, Francisco : de,$c.$0(OLS)http://semarc/name/89758 245 10$aDe fide et spe (qq. 1-22) /$cFrancisco de Vitoria. 260 $aSalamanca :$bSan Esteban,$c1932. 300 $aXLVIII, 380 p. ;$c26 cm. 490 0 $aBiblioteca de teólogos españoles ;$v2 773 0 $aVitoria, Francisco : de $tComentarios a la Secunda secundae de Santo Tomás.$dSalamanca : San Esteban, 1932-1952.$g2$w()10790 830 0$aBiblioteca de teólogos españoles ;$v2.$0(OLS)http://semarc/title/14249 850 $aSeMil 852 $aSeMil$W1$xVenegono$y1$m2B V 96$j11058$B11058$CSeMilBibl$Z2$F11058 $81 996 $6245$aDe fide et spe (qq. 1-22)$9(OLS)http://semarc/title/66613 996 $6260$aSalamanca :$bSan Esteban$9(OLS)http://semarc/publisher/31819 LEADER 01083nam a2200241 i 4500 001 000000116106 003 CaOOAMICUS 005 20040610000000.0 008 040610s1966 it u000 u ita u 013 $a88795 040 $aSeMil$bita 100 1 $aBeccafumi, Domenico <1486-1551>.$0(OLS)http://semarc/name/48500 245 10$aDomenico Beccafumi /$cAnna Maria Francini Ciaranfi. 260 $aFirenze :$bSadea Sansoni,$ccopyr. 1966. 300 $a39 p., 80 p. di tav. :$bill. ;$c18 cm. 490 0 $aI diamanti dell'arte : biblioteca di pittura, scultura e architettura ;$v19 600 04$aBeccafumi .$0(OLS)http://semarc/subject/21354 700 1 $aFrancini Ciaranfi, Anna Maria.$0(OLS)http://semarc/name/48501 830 2$aI diamanti dell'arte ;$v19.$0(OLS)http://semarc/title/15551 850 $aSeMil 852 $aSeMil$W1$xVenegono$y1$m5P I 54$j71587$B71587$CSeMilBibl$Z2$F83749 $81 996 $6245$aDomenico Beccafumi$9(OLS)http://semarc/title/170200 996 $6260$aFirenze :$bSadea Sansoni$9(OLS)http://semarc/publisher/33238